[Event "EYCC Girls-U16 2019"]
[Site "Bratislava"]
[Date "2019.08.09"]
[Round "8.21"]
[White "Pecorini, Angie"]
[Black "Marcinczyk, Monika"]
[Result "0-1"]
[WhiteElo "1781"]
[BlackElo "1960"]
[Annotator "NA"]
[PlyCount "52"]
[EventDate "2019.08.02"]
[EventType "swiss"]
[EventCountry "SVK"]
[SourceTitle "playchess.com"]
[Source "ChessBase"]
[SourceQuality "1"]
[TimeControl "40/5400+30:1800+30"]

1. d4 {[%emt 0:00:00]} Nf6 {[%emt 0:00:00]} 2. Nf3 {[%emt 0:00:00]} d6 {[%emt 0:01:06]} 3. c4 {[%emt 0:00:00]} Nbd7 {[%emt 0:00:19]} 4. Nc3 {[%emt 0:00:13]} e5 {[%emt 0:02:15]} 5. e4 {[%emt 0:00:04]} g6 {[%emt 0:00:50]} 6. Be2 {[%emt 0:00:15]} Bg7 {[%emt 0:00:24]} 7. O-O {[%emt 0:00:16]} O-O {[%emt 0:00:07]} 8. Be3 {[%emt 0:00:08]} c6 {[%emt 0:04:42]} 9. Qc2 {[%emt 0:00:33]} exd4 {[%emt 0:05:37]} 10. Nxd4 {[%emt 0:00:15]} Re8 {[%emt 0:00:33]} 11. Rfd1 {[%emt 0:06:56]} Qe7 {[%emt 0:07:17]} 12. f3 {[%emt 0:09:22]} d5 {[%emt 0:04:54]} 13. cxd5 {[%emt 0:02:25]} cxd5 {[%emt 0:00:41]} 14. Ndb5 {[%emt 0:21:07]} dxe4 {[%emt 0:10:39]} 15. f4 {[%emt 0:04:16]} Nf8 {[%emt 0:10:22]} 16. Nxa7 {[%emt 0:18:52]} Bd7 {[%emt 0:05:10]} 17. Rab1 {[%emt 0:05:27]} Bc6 {[%emt 0:14:21]} 18. b4 {[%emt 0:02:10]} Red8 {[%emt 0:00:51]} 19. Bb6 {[%emt 0:12:18]} Rxd1+ {[%emt 0:03:45]} 20. Rxd1 {[%emt 0:00:59]} Qxb4 {[%emt 0:02:30]} 21. Rb1 {[%emt 0:00:12]} Qd6 {[%emt 0:01:45]} 22. g3 {[%emt 0:02:13]} N8d7 {[%emt 0:01:17]} 23. Be3 {[%emt 0:01:02]} Nd5 {[%emt 0:02:08]} 24. Nxd5 {[%emt 0:00:11]} Bxd5 {[%emt 0:02:48]} 25. a4 {[%emt 0:03:26]} Bf8 {[%emt 0:05:01]} 26. Kf1 {[%emt 0:09:31]} Qa3 {[%emt 0:03:07]} 0-1

[Event "EYCC Girls-U16 2019"]
[Site "Bratislava"]
[Date "2019.08.09"]
[Round "8.22"]
[White "Eizaguerri Floris, Maria"]
[Black "Walterova, Ema"]
[Result "1-0"]
[WhiteElo "2099"]
[BlackElo "1761"]
[Annotator "NA"]
[PlyCount "87"]
[EventDate "2019.08.02"]
[EventType "swiss"]
[EventCountry "SVK"]
[SourceTitle "playchess.com"]
[Source "ChessBase"]
[SourceQuality "1"]
[TimeControl "40/5400+30:1800+30"]

1. e4 {[%emt 0:00:00]} e5 {[%emt 0:00:00]} 2. Nf3 {[%emt 0:00:00]} Nc6 {[%emt 0:00:00]} 3. Bc4 {[%emt 0:00:00]} Bc5 {[%emt 0:00:09]} 4. c3 {[%emt 0:00:00]} Nf6 {[%emt 0:00:46]} 5. d3 {[%emt 0:00:00]} a6 {[%emt 0:00:20]} 6. Bb3 {[%emt 0:00:04]} Ba7 {[%emt 0:00:24]} 7. Nbd2 {[%emt 0:00:17]} h6 {[%emt 0:00:27]} 8. h3 {[%emt 0:01:47]} d6 {[%emt 0:00:26]} 9. O-O {[%emt 0:04:02]} g5 {[%emt 0:09:02]} 10. Nc4 {[%emt 0:03:06]} g4 {[%emt 0:14:18]} 11. hxg4 {[%emt 0:00:20]} Nxg4 {[%emt 0:01:01]} 12. Ne3 {[%emt 0:06:01]} Rg8 {[%emt 0:09:39]} 13. d4 {[%emt 0:11:07]} Bd7 {[%emt 0:09:51]} 14. dxe5 {[%emt 0:10:09]} Ngxe5 {[%emt 0:05:43]} 15. Nxe5 {[%emt 0:05:45]} Nxe5 {[%emt 0:01:57]} 16. Qh5 {[%emt 0:03:09]} c6 {[%emt 0:18:06]} 17. Nf5 {[%emt 0:09:38]} Qf6 {[%emt 0:04:09]} 18. Bf4 {[%emt 0:18:30]} Bxf5 {[%emt 0:07:00]} 19. exf5 {[%emt 0:02:37]} O-O-O {[%emt 0:02:27]} 20. Bxe5 {[%emt 0:06:13]} Qxe5 {[%emt 0:00:12]} 21. Bxf7 {[%emt 0:00:36]} Rg5 {[%emt 0:07:40]} 22. Be6+ {[%emt 0:00:21]} Kb8 {[%emt 0:00:29]} 23. Qh2 {[%emt 0:01:47]} Qg7 {[%emt 0:02:13]} 24. Rad1 {[%emt 0:02:28]} h5 {[%emt 0:02:07]} 25. Rd3 {[%emt 0:04:37]} Kc7 {[%emt 0:01:38]} 26. Kh1 {[%emt 0:04:26]} Qe7 {[%emt 0:00:31]} 27. Rh3 {[%emt 0:02:05]} Rh8 {[%emt 0:01:31]} 28. Qf4 {[%emt 0:01:37]} Rf8 {[%emt 0:00:53]} 29. Rf3 {[%emt 0:02:50]} Rg6 {[%emt 0:00:44]} 30. Qh2 {[%emt 0:00:27]} Rh6 {[%emt 0:00:25]} 31. Rd1 {[%emt 0:00:26]} Rd8 {[%emt 0:00:48]} 32. Qf4 {[%emt 0:00:17]} Rf6 {[%emt 0:00:13]} 33. c4 {[%emt 0:00:47]} Bc5 {[%emt 0:00:31]} 34. a3 {[%emt 0:00:28]} a5 {[%emt 0:00:24]} 35. Qd2 {[%emt 0:00:29]} Bb6 {[%emt 0:00:50]} 36. b4 {[%emt 0:00:22]} axb4 {[%emt 0:00:24]} 37. axb4 {[%emt 0:00:05]} Rff8 {[%emt 0:00:40]} 38. Qf4 {[%emt 0:00:35]} Kb8 {[%emt 0:00:29]} 39. Ra1 {[%emt 0:00:41]} Kc7 {[%emt 0:00:27]} 40. c5 {[%emt 0:00:00]} Ra8 {[%emt 0:00:00]} 41. cxb6+ {[%emt 0:00:49]} Kxb6 {[%emt 0:00:33]} 42. Qd4+ {[%emt 0:01:02]} Kc7 {[%emt 0:00:12]} 43. Rxa8 {[%emt 0:00:24]} Rxa8 {[%emt 0:00:09]} 44. Rg3 {[%emt 0:01:37]} 1-0

[Event "EYCC Girls-U16 2019"]
[Site "Bratislava"]
[Date "2019.08.09"]
[Round "8.23"]
[White "Katkov, Michelle"]
[Black "Sleurs, Juliette"]
[Result "1-0"]
[WhiteElo "2129"]
[BlackElo "1834"]
[Annotator "NA"]
[PlyCount "53"]
[EventDate "2019.08.02"]
[EventType "swiss"]
[EventCountry "SVK"]
[SourceTitle "playchess.com"]
[Source "ChessBase"]
[SourceQuality "1"]
[TimeControl "40/5400+30:1800+30"]

1. e4 {[%emt 0:00:00]} e5 {[%emt 0:00:00]} 2. Nf3 {[%emt 0:00:00]} Nc6 {[%emt 0:00:00]} 3. Bc4 {[%emt 0:00:00]} Bc5 {[%emt 0:00:00]} 4. c3 {[%emt 0:00:00]} Nf6 {[%emt 0:00:00]} 5. d3 {[%emt 0:00:00]} d6 {[%emt 0:00:22]} 6. Bb3 {[%emt 0:00:02]} a6 {[%emt 0:00:06]} 7. Nbd2 {[%emt 0:00:10]} Ba7 {[%emt 0:01:32]} 8. h3 {[%emt 0:00:18]} Be6 {[%emt 0:00:42]} 9. Nf1 {[%emt 0:04:51]} d5 {[%emt 0:05:04]} 10. Qe2 {[%emt 0:08:11]} O-O {[%emt 0:07:56]} 11. Ng3 {[%emt 0:04:46]} dxe4 {[%emt 0:04:07]} 12. dxe4 {[%emt 0:02:59]} Bxb3 {[%emt 0:00:08]} 13. axb3 {[%emt 0:00:05]} Qd7 {[%emt 0:01:41]} 14. O-O {[%emt 0:05:33]} Qe6 {[%emt 0:09:55]} 15. Qc2 {[%emt 0:11:23]} Ne8 {[%emt 0:04:32]} 16. Nh4 {[%emt 0:12:30]} Nd6 {[%emt 0:06:12]} 17. Bg5 {[%emt 0:02:16]} h6 {[%emt 0:12:24]} 18. Bd2 {[%emt 0:02:17]} Qf6 {[%emt 0:01:41]} 19. Nhf5 {[%emt 0:02:13]} Nxf5 {[%emt 0:03:57]} 20. exf5 {[%emt 0:01:48]} Rad8 {[%emt 0:06:34]} 21. Rad1 {[%emt 0:03:23]} Ne7 {[%emt 0:05:57]} 22. Qe4 {[%emt 0:01:43]} c6 {[%emt 0:02:59]} 23. Qg4 {[%emt 0:03:29]} g6 {[%emt 0:09:42]} 24. Bxh6 {[%emt 0:00:48]} Rxd1 {[%emt 0:02:05]} 25. Rxd1 {[%emt 0:04:36]} Re8 {[%emt 0:02:18]} 26. Ne4 {[%emt 0:03:46]} Qh8 {[%emt 0:01:24]} 27. Qg5 {[%emt 0:00:46]} 1-0

[Event "EYCC Girls-U16 2019"]
[Site "Bratislava"]
[Date "2019.08.09"]
[Round "8.24"]
[White "Ilyina, Lada"]
[Black "Kaygisiz, Ilayda"]
[Result "1-0"]
[WhiteElo "2048"]
[BlackElo "1775"]
[Annotator "NA"]
[PlyCount "95"]
[EventDate "2019.08.02"]
[EventType "swiss"]
[EventCountry "SVK"]
[SourceTitle "playchess.com"]
[Source "ChessBase"]
[SourceQuality "1"]
[TimeControl "40/5400+30:1800+30"]

1. e4 {[%emt 0:00:00]} c5 {[%emt 0:00:00]} 2. Nf3 {[%emt 0:00:00]} d6 {[%emt 0:00:00]} 3. d4 {[%emt 0:00:00]} cxd4 {[%emt 0:00:00]} 4. Qxd4 {[%emt 0:00:06]} Nc6 {[%emt 0:00:00]} 5. Bb5 {[%emt 0:00:09]} Bd7 {[%emt 0:00:00]} 6. Bxc6 {[%emt 0:00:09]} Bxc6 {[%emt 0:00:00]} 7. Nc3 {[%emt 0:00:12]} Nf6 {[%emt 0:00:05]} 8. Bg5 {[%emt 0:00:28]} Nd7 {[%emt 0:01:06]} 9. O-O-O {[%emt 0:02:31]} Qa5 {[%emt 0:08:10]} 10. Kb1 {[%emt 0:08:06]} O-O-O {[%emt 0:11:07]} 11. Nd5 {[%emt 0:04:01]} Bxd5 {[%emt 0:07:31]} 12. exd5 {[%emt 0:00:30]} Qb6 {[%emt 0:01:52]} 13. Qxb6 {[%emt 0:06:52]} Nxb6 {[%emt 0:01:51]} 14. Rhe1 {[%emt 0:00:07]} Rd7 {[%emt 0:03:32]} 15. b3 {[%emt 0:01:37]} a6 {[%emt 0:03:29]} 16. Re4 {[%emt 0:04:48]} h6 {[%emt 0:03:01]} 17. Be3 {[%emt 0:03:27]} Na8 {[%emt 0:00:01]} 18. Bd4 {[%emt 0:03:13]} Nc7 {[%emt 0:00:43]} 19. c4 {[%emt 0:00:15]} e5 {[%emt 0:06:27]} 20. dxe6 {[%emt 0:00:46]} fxe6 {[%emt 0:03:15]} 21. Bb6 {[%emt 0:03:21]} Na8 {[%emt 0:02:43]} 22. Ba5 {[%emt 0:01:08]} b6 {[%emt 0:02:24]} 23. Bc3 {[%emt 0:04:36]} Nc7 {[%emt 0:02:10]} 24. Red4 {[%emt 0:10:36]} Rf7 {[%emt 0:02:40]} 25. R4d2 {[%emt 0:05:03]} Rg8 {[%emt 0:04:36]} 26. a4 {[%emt 0:12:32]} b5 {[%emt 0:06:35]} 27. axb5 {[%emt 0:06:33]} axb5 {[%emt 0:00:04]} 28. Nd4 {[%emt 0:00:43]} bxc4 {[%emt 0:05:08]} 29. bxc4 {[%emt 0:00:06]} d5 {[%emt 0:03:17]} 30. Nc6 {[%emt 0:02:37]} Bd6 {[%emt 0:05:14]} 31. Rb2 {[%emt 0:04:59]} Rgf8 {[%emt 0:02:53]} 32. Rdd2 {[%emt 0:04:47]} g6 {[%emt 0:14:27]} 33. g3 {[%emt 0:02:47]} Rf3 {[%emt 0:01:10]} 34. Bd4 {[%emt 0:02:04]} dxc4 {[%emt 0:00:35]} 35. Bg7 {[%emt 0:01:07]} c3 {[%emt 0:00:22]} 36. Bxc3 {[%emt 0:00:35]} Nd5 {[%emt 0:00:23]} 37. Ba5 {[%emt 0:03:07]} Ra3 {[%emt 0:00:41]} 38. Rdc2 {[%emt 0:01:27]} Nc7 {[%emt 0:00:40]} 39. Rb8+ {[%emt 0:02:23]} Kd7 {[%emt 0:00:07]} 40. Rxf8 {[%emt 0:00:00]} Rb3+ {[%emt 0:00:00]} 41. Ka2 {[%emt 0:01:59]} Ra3+ {[%emt 0:01:34]} 42. Kb2 {[%emt 0:00:06]} Bxf8 {[%emt 0:01:51]} 43. Ne5+ {[%emt 0:00:21]} Ke8 {[%emt 0:00:13]} 44. Bxc7 {[%emt 0:00:16]} Ra7 {[%emt 0:00:24]} 45. Nxg6 {[%emt 0:01:37]} Bg7+ {[%emt 0:00:06]} 46. Be5 {[%emt 0:00:26]} Rb7+ {[%emt 0:00:19]} 47. Kc3 {[%emt 0:01:46]} Rc7+ {[%emt 0:00:14]} 48. Kd3 1-0

[Event "EYCC Girls-U16 2019"]
[Site "Bratislava"]
[Date "2019.08.10"]
[Round "9.1"]
[White "Waszczuk, Patrycja"]
[Black "Loskutova, Viktoriya"]
[Result "1/2-1/2"]
[WhiteElo "2119"]
[BlackElo "2019"]
[Annotator "NA"]
[PlyCount "71"]
[EventDate "2019.08.02"]
[EventType "swiss"]
[EventCountry "SVK"]
[SourceTitle "playchess.com"]
[Source "ChessBase"]
[SourceQuality "1"]
[TimeControl "40/5400+30:1800+30"]

1. f4 {[%emt 0:00:00]} d5 {[%emt 0:00:30]} 2. Nf3 {[%emt 0:00:00]} Nf6 {[%emt 0:00:55]} 3. g3 {[%emt 0:00:00]} g6 {[%emt 0:03:14]} 4. Bg2 {[%emt 0:00:00]} Bg7 {[%emt 0:00:30]} 5. O-O {[%emt 0:00:11]} O-O {[%emt 0:01:54]} 6. d3 {[%emt 0:00:05]} c6 {[%emt 0:01:22]} 7. c3 {[%emt 0:00:35]} Nbd7 {[%emt 0:05:15]} 8. Nbd2 {[%emt 0:02:31]} Qb6+ {[%emt 0:04:11]} 9. d4 {[%emt 0:01:33]} Ng4 {[%emt 0:24:32]} 10. Nb3 {[%emt 0:06:15]} a5 {[%emt 0:00:40]} 11. a4 {[%emt 0:00:16]} f6 {[%emt 0:05:01]} 12. h3 {[%emt 0:09:50]} Nh6 {[%emt 0:00:19]} 13. g4 {[%emt 0:04:52]} e5 {[%emt 0:03:37]} 14. fxe5 {[%emt 0:00:06]} fxe5 {[%emt 0:00:12]} 15. Ng5 {[%emt 0:01:06]} Rxf1+ {[%emt 0:01:56]} 16. Bxf1 {[%emt 0:00:05]} Nf8 {[%emt 0:04:01]} 17. e4 {[%emt 0:06:17]} Ne6 {[%emt 0:05:22]} 18. Nxe6 {[%emt 0:01:49]} Bxe6 {[%emt 0:00:01]} 19. Nc5 {[%emt 0:00:01]} Re8 {[%emt 0:06:44]} 20. Be3 {[%emt 0:04:03]} Nf7 {[%emt 0:09:32]} 21. Qd2 {[%emt 0:00:09]} exd4 {[%emt 0:03:15]} 22. cxd4 {[%emt 0:00:07]} Qc7 {[%emt 0:04:55]} 23. e5 {[%emt 0:02:12]} Bc8 {[%emt 0:00:39]} 24. Bg2 {[%emt 0:03:09]} Nd8 {[%emt 0:02:15]} 25. Rc1 {[%emt 0:02:14]} Qb6 {[%emt 0:03:31]} 26. Qd3 {[%emt 0:04:35]} Ne6 {[%emt 0:02:52]} 27. Nxe6 {[%emt 0:02:19]} Bxe6 {[%emt 0:01:51]} 28. b3 {[%emt 0:01:05]} Rc8 {[%emt 0:01:56]} 29. Rf1 {[%emt 0:06:18]} Rf8 {[%emt 0:00:41]} 30. Rxf8+ {[%emt 0:02:34]} Bxf8 {[%emt 0:00:22]} 31. Kf1 {[%emt 0:02:02]} Qc7 {[%emt 0:01:31]} 32. Bf3 {[%emt 0:06:09]} Be7 {[%emt 0:00:50]} 33. Kg2 {[%emt 0:00:47]} Qd8 {[%emt 0:00:42]} 34. Qc3 {[%emt 0:01:20]} Bb4 {[%emt 0:00:10]} 35. Qd3 {[%emt 0:01:31]} Be7 {[%emt 0:00:37]} 36. Qc3 {[%emt 0:00:15]} 1/2-1/2

[Event "EYCC Girls-U16 2019"]
[Site "Bratislava"]
[Date "2019.08.10"]
[Round "9.2"]
[White "Getman, Tatyana"]
[Black "Malicka, Maria"]
[Result "1/2-1/2"]
[WhiteElo "2143"]
[BlackElo "2115"]
[Annotator "NA"]
[PlyCount "128"]
[EventDate "2019.08.02"]
[EventType "swiss"]
[EventCountry "SVK"]
[SourceTitle "playchess.com"]
[Source "ChessBase"]
[SourceQuality "1"]
[TimeControl "40/5400+30:1800+30"]

1. d4 {[%emt 0:00:00]} Nf6 {[%emt 0:00:00]} 2. c4 {[%emt 0:00:00]} e6 {[%emt 0:00:00]} 3. Nf3 {[%emt 0:00:00]} Bb4+ {[%emt 0:00:00]} 4. Bd2 {[%emt 0:00:00]} Qe7 {[%emt 0:00:00]} 5. g3 {[%emt 0:00:34]} Bxd2+ {[%emt 0:00:00]} 6. Qxd2 {[%emt 0:00:58]} Nc6 {[%emt 0:00:13]} 7. Nc3 {[%emt 0:02:31]} d5 {[%emt 0:00:12]} 8. Bg2 {[%emt 0:06:13]} dxc4 {[%emt 0:00:30]} 9. O-O {[%emt 0:02:20]} O-O {[%emt 0:02:01]} 10. Qg5 {[%emt 0:08:14]} Rd8 {[%emt 0:12:00]} 11. Rfd1 {[%emt 0:09:30]} Nd5 {[%emt 0:07:03]} 12. Qxe7 {[%emt 0:00:35]} Ncxe7 {[%emt 0:04:09]} 13. Ne5 {[%emt 0:07:18]} Nxc3 {[%emt 0:11:12]} 14. bxc3 {[%emt 0:00:06]} Nd5 {[%emt 0:00:08]} 15. Rdc1 {[%emt 0:00:51]} Nb6 {[%emt 0:01:28]} 16. e3 {[%emt 0:03:21]} f6 {[%emt 0:01:46]} 17. Nf3 {[%emt 0:00:42]} Nd5 {[%emt 0:04:43]} 18. Nd2 {[%emt 0:03:00]} b5 {[%emt 0:01:18]} 19. a4 {[%emt 0:02:45]} c6 {[%emt 0:02:30]} 20. axb5 {[%emt 0:02:29]} cxb5 {[%emt 0:00:08]} 21. Ra5 {[%emt 0:00:39]} a6 {[%emt 0:05:30]} 22. Ne4 {[%emt 0:06:00]} Rb8 {[%emt 0:02:24]} 23. Nc5 {[%emt 0:00:33]} Rb6 {[%emt 0:09:37]} 24. h4 {[%emt 0:05:32]} Kf7 {[%emt 0:02:17]} 25. Bh3 {[%emt 0:02:44]} Nc7 {[%emt 0:10:59]} 26. f4 {[%emt 0:03:02]} Ke7 {[%emt 0:04:05]} 27. Bg2 {[%emt 0:02:37]} e5 {[%emt 0:02:18]} 28. fxe5 {[%emt 0:05:55]} fxe5 {[%emt 0:00:01]} 29. Ra2 {[%emt 0:02:10]} Nd5 {[%emt 0:06:16]} 30. Kf2 {[%emt 0:08:15]} Rf8+ {[%emt 0:03:48]} 31. Kg1 {[%emt 0:01:38]} Nxe3 {[%emt 0:01:49]} 32. Re2 {[%emt 0:05:06]} Nxg2 {[%emt 0:01:35]} 33. Rxe5+ {[%emt 0:00:17]} Kd8 {[%emt 0:00:15]} 34. Kxg2 {[%emt 0:00:08]} Re8 {[%emt 0:02:24]} 35. Rd5+ {[%emt 0:02:08]} Kc7 {[%emt 0:00:43]} 36. Rf1 {[%emt 0:01:19]} Re2+ {[%emt 0:02:15]} 37. Kg1 {[%emt 0:00:12]} Rf6 {[%emt 0:00:12]} 38. Rh5 {[%emt 0:01:48]} Rxf1+ {[%emt 0:01:34]} 39. Kxf1 {[%emt 0:00:01]} Re3 {[%emt 0:00:12]} 40. Kf2 {[%emt 0:00:00]} Re7 {[%emt 0:00:00]} 41. Rxh7 {[%emt 0:02:21]} a5 {[%emt 0:12:06]} 42. h5 {[%emt 0:03:03]} Bf5 {[%emt 0:00:17]} 43. Rh8 {[%emt 0:00:06]} Bg4 {[%emt 0:03:53]} 44. Ra8 {[%emt 0:04:28]} a4 {[%emt 0:04:16]} 45. Ra7+ {[%emt 0:01:54]} Kd6 {[%emt 0:00:20]} 46. Ra6+ {[%emt 0:00:30]} Kd5 {[%emt 0:00:41]} 47. Ra5 {[%emt 0:03:52]} Re2+ {[%emt 0:03:05]} 48. Kg1 {[%emt 0:01:34]} a3 {[%emt 0:02:42]} 49. Rxa3 {[%emt 0:02:25]} b4 {[%emt 0:00:33]} 50. cxb4 {[%emt 0:02:55]} Kxd4 {[%emt 0:00:05]} 51. Na4 {[%emt 0:02:25]} Bxh5 {[%emt 0:04:31]} 52. Nc3 {[%emt 0:01:27]} Re5 {[%emt 0:01:17]} 53. Kf2 {[%emt 0:01:27]} Bg4 {[%emt 0:02:25]} 54. b5 {[%emt 0:03:05]} Kc5 {[%emt 0:00:47]} 55. Ra8 {[%emt 0:02:18]} Kb4 {[%emt 0:01:52]} 56. b6 {[%emt 0:01:00]} Rf5+ {[%emt 0:00:21]} 57. Ke3 {[%emt 0:00:29]} Bf3 {[%emt 0:00:45]} 58. Ne4 {[%emt 0:01:16]} Bxe4 {[%emt 0:00:06]} 59. Kxe4 {[%emt 0:00:01]} Rb5 {[%emt 0:00:05]} 60. Rb8 {[%emt 0:00:49]} c3 {[%emt 0:01:27]} 61. b7 {[%emt 0:00:31]} Kb3 {[%emt 0:00:33]} 62. Kd3 {[%emt 0:00:37]} c2 {[%emt 0:00:25]} 63. Rc8 {[%emt 0:00:17]} Rxb7 {[%emt 0:00:39]} 64. Rc3+ {[%emt 0:00:05]} Kb4 {[%emt 0:00:27]} 1/2-1/2

[Event "EYCC Girls-U16 2019"]
[Site "Bratislava"]
[Date "2019.08.10"]
[Round "9.3"]
[White "Krasteva, Beloslava"]
[Black "Juhasz, Judit"]
[Result "1-0"]
[WhiteElo "2327"]
[BlackElo "2050"]
[Annotator "TA"]
[PlyCount "115"]
[EventDate "2019.08.02"]
[EventType "swiss"]
[EventCountry "SVK"]
[SourceTitle "playchess.com"]
[Source "ChessBase"]
[SourceQuality "1"]

{[%evp 16,115,17,24,16,-12,0,0,0,0,14,-16,8,8,60,39,98,95,131,63,56,52,142,126,199,90,119,130,224,125,123,120,132,86,106,98,108,53,136,114,134,93,145,93,108,89,98,89,95,0,436,432,835,976,920,859,6694,2235,29988,29986,29986,29987,29987,2244,927,337,5277,511,3610,542,537,539,536,528,527,515,487,473,414,412,394,402,387,315,385,370,456,437,472,462,509,490,583,565,590,584,579,582,790,774,715,682]} 1. d4 Nf6 2. c4 g6 3. Nc3 Bg7 4. e4 d6 5. h3 O-O 6. Be3 e5 7. d5 a5 8. Nf3 Na6 9. g4 Nd7 {E90: King's Indian: Classical: Early deviations and 6 h3} 10. Nd2 Ndc5 11. a3 Bd7 {The position is equal.} 12. h4 f5 (12... a4 13. Be2 c6 14. dxc6 Bxc6 15. Nd5 Ne6 16. g5 Nac5 17. Qc2 {0-1 (30) Postny,E (2623)-Saric,I (2690) chess.com INT 2019}) 13. g5 c6 $146 ({Predecessor:} 13... fxe4 14. Ndxe4 a4 15. Nxc5 Nxc5 16. Bxc5 dxc5 17. Ne4 {0-1 (32) Tokranovs,D (2265)-Bogdanov,E (2411) Lvov 2016}) 14. f3 f4 (14... cxd5 $11 15. Nxd5 a4) 15. Bf2 h6 (15... a4 $14) 16. gxh6 {And now dxc6 would win.} Bxh6 17. Qe2 (17. Qc2 $16) 17... Kf7 $14 18. O-O-O Qf6 ({Black should try} 18... Rh8 $14) 19. Bh3 $16 Rh8 (19... Bxh3 $16 {was worth a try.} 20. Rxh3 Rh8) 20. Kb1 (20. Bxd7 $18 {is more deadly.} Nxd7 21. Nb3) 20... Qe7 21. Bxd7 Nxd7 {[#]} (21... Qxd7 $16 22. h5 g5) 22. dxc6 (22. c5 $1 $18 {[%mdl 512]}) 22... bxc6 23. Nb3 Nac5 24. Nxc5 Nxc5 25. Bxc5 dxc5 26. Na4 (26. h5 $16 g5 27. Qc2) 26... Rad8 ({Black should play} 26... Bf8 $14) 27. Rxd8 Rxd8 28. Qe1 Qa7 {[#]} (28... Rd3 $142) 29. Qf2 (29. Qg1 $142 $1) 29... Rd4 30. Rg1 Qe7 31. Qg2 Qd6 32. Nxc5 (32. Qg4 $16) 32... Rxc4 $2 {[%mdl 8192] [#]} (32... Rd2 $11 33. Qg4 Qxc5 34. Qxg6+ Ke7 35. Qh7+ Kd8 36. Rg8+ Bf8) 33. Nb7 $1 $18 {[%csl LRa5,LRd6][%mdl 576] Double Attack} Qd3+ {[#]} (33... Qf6 $142 34. h5 g5 35. Nxa5 Rd4) 34. Ka1 $1 {[%mdl 512]} g5 35. hxg5 Rc2 36. Qg4 (36. Qh3 $142 Bg7 37. Qf5+ Ke7 38. Qg6) 36... Bf8 37. g6+ Kg7 38. Qe6 Qc4 39. Qxe5+ (39. Qd7+ $142 Kf6 40. Nd6 Rc1+ 41. Rxc1 Qxc1+ 42. Ka2 Qg1 43. Qf7+ {[%mdl 64] Double Attack} Kg5 44. g7) 39... Kg8 40. Qxf4 $2 (40. Nxa5 Rc1+ 41. Rxc1 Qxc1+ 42. Ka2 Bxa3 43. Kxa3 Qa1+ 44. Kb4 Qe1+ 45. Qc3 c5+ {[%mdl 64] Decoy} 46. Kxc5 Qg1+ 47. Qd4 Qxg6 48. b4) 40... Bg7 $2 (40... Qb3 41. Qf7+ Qxf7 42. gxf7+ Kxf7) 41. Qb8+ Bf8 42. Nxa5 Qb5 43. Qxb5 cxb5 {[%mdl 4096] Endgame KRB-KRN} 44. Rd1 Rf2 45. Rd3 Kg7 46. Nb7 b4 47. axb4 Bxb4 48. Nd8 Kxg6 49. Ne6 Kf6 50. Nf4 {Black must now prevent Nd5+.} Bc5 51. Nd5+ {White is clearly winning.} Ke5 52. b4 {[%cal Bb2b4,Bb4b5,Bb5b6][%mdl 32]} Bd4+ 53. Kb1 Rb2+ 54. Kc1 {aiming for f4+.} Ra2 55. Rb3 Rh2 56. b5 Rh7 57. b6 Rb7 58. Kd2 {Accuracy: White = 41%, Black = 25%.} 1-0

[Event "EYCC Girls-U16 2019"]
[Site "Bratislava"]
[Date "2019.08.10"]
[Round "9.4"]
[White "Hryzlova, Sofiia"]
[Black "Mkrtchyan, Mariam"]
[Result "1-0"]
[WhiteElo "1799"]
[BlackElo "1981"]
[Annotator "NA"]
[PlyCount "93"]
[EventDate "2019.08.02"]
[EventType "swiss"]
[EventCountry "SVK"]
[SourceTitle "playchess.com"]
[Source "ChessBase"]
[SourceQuality "1"]
[TimeControl "40/5400+30:1800+30"]

1. e3 {[%emt 0:00:00]} g6 {[%emt 0:00:00]} 2. f4 {[%emt 0:00:00]} Bg7 {[%emt 0:00:00]} 3. Nf3 {[%emt 0:00:08]} Nf6 {[%emt 0:00:00]} 4. d4 {[%emt 0:00:39]} d6 {[%emt 0:03:41]} 5. b3 {[%emt 0:03:06]} O-O {[%emt 0:02:43]} 6. Bb2 {[%emt 0:01:22]} c5 {[%emt 0:00:05]} 7. Be2 {[%emt 0:03:03]} Qa5+ {[%emt 0:05:07]} 8. c3 {[%emt 0:03:36]} Nc6 {[%emt 0:08:16]} 9. Nbd2 {[%emt 0:04:00]} Bf5 {[%emt 0:11:09]} 10. O-O {[%emt 0:05:55]} Qc7 {[%emt 0:04:11]} 11. Nh4 {[%emt 0:08:18]} Bd7 {[%emt 0:09:06]} 12. e4 {[%emt 0:05:52]} e5 {[%emt 0:01:43]} 13. d5 {[%emt 0:02:49]} Nd8 {[%emt 0:03:22]} 14. g3 {[%emt 0:08:31]} Bh3 {[%emt 0:07:36]} 15. Ng2 {[%emt 0:02:03]} Qe7 {[%emt 0:03:25]} 16. Bd3 {[%emt 0:03:18]} exf4 {[%emt 0:11:03]} 17. gxf4 {[%emt 0:02:34]} Nh5 {[%emt 0:00:04]} 18. Nc4 {[%emt 0:10:43]} Bxg2 {[%emt 0:03:23]} 19. Kxg2 {[%emt 0:00:12]} b5 {[%emt 0:00:08]} 20. Ne3 {[%emt 0:04:52]} b4 {[%emt 0:00:49]} 21. Rc1 {[%emt 0:04:15]} bxc3 {[%emt 0:02:29]} 22. Ba1 {[%emt 0:00:55]} Qh4 {[%emt 0:06:50]} 23. Qg4 {[%emt 0:06:48]} Qxg4+ {[%emt 0:03:00]} 24. Nxg4 {[%emt 0:00:03]} f5 {[%emt 0:00:15]} 25. exf5 {[%emt 0:00:31]} gxf5 {[%emt 0:00:12]} 26. Ne3 {[%emt 0:00:38]} Bh6 {[%emt 0:00:39]} 27. Nxf5 {[%emt 0:06:18]} Nxf4+ {[%emt 0:01:44]} 28. Kh1 {[%emt 0:01:24]} Nxd3 {[%emt 0:05:18]} 29. Rg1+ {[%emt 0:05:05]} Bg7 {[%emt 0:03:57]} 30. Rxg7+ Kh8 31. Bxc3 {[%emt 0:01:44]} Rxf5 {[%emt 0:03:39]} 32. Rxa7+ {[%emt 0:00:28]} Kg8 {[%emt 0:00:07]} 33. Rg1+ {[%emt 0:00:19]} Kf8 {[%emt 0:00:29]} 34. Rxa8 {[%emt 0:00:39]} Ke7 {[%emt 0:00:21]} 35. Rg7+ {[%emt 0:00:58]} Nf7 {[%emt 0:00:07]} 36. Rxh7 {[%emt 0:01:04]} Nf4 {[%emt 0:00:39]} 37. Ra7+ {[%emt 0:01:23]} Kf8 {[%emt 0:00:12]} 38. Bd2 {[%emt 0:00:44]} Nh5 {[%emt 0:01:12]} 39. Raxf7+ {[%emt 0:00:47]} Rxf7 {[%emt 0:00:07]} 40. Rxh5 {[%emt 0:00:00]} Rf2 {[%emt 0:00:00]} 41. Bh6+ {[%emt 0:01:15]} Kf7 {[%emt 0:00:08]} 42. Rh3 {[%emt 0:04:59]} Kg6 {[%emt 0:00:56]} 43. a4 {[%emt 0:00:34]} Kf5 {[%emt 0:00:16]} 44. Bf8 {[%emt 0:01:38]} Ke4 {[%emt 0:00:06]} 45. Bxd6 {[%emt 0:00:38]} Kxd5 {[%emt 0:00:05]} 46. Rd3+ {[%emt 0:00:16]} Kc6 {[%emt 0:00:04]} 47. Be5 1-0